Detalles MARC
| 000 -CABECERA |
| Longitud fija campo de control |
01569nam a2200433.c 4500 |
| 001 - NÚMERO DE CONTROL |
| Número de control |
48714 |
| 003 - IDENTIFICADOR DE NÚMERO DE CONTROL |
| Identificador del número de control |
ES-MaCES |
| 005 - FECHA Y HORA DE LA ÚLTIMA TRANSACCIÓN |
| Fecha y hora de la última transacción |
20230710105120.0 |
| 008 - CAMPO FIJO DE DESCRIPCIÓN FIJA--INFORMACIÓN GENERAL |
| Códigos de información de longitud fija |
161227s2016 sp ||||| |||||||||||spa|d |
| 017 ## - NÚMERO DE REGISTRO DE DERECHOS DE AUTOR Y DEPÓSITO LEGAL |
| Número de copyright o de depósito legal |
Z 1196-2016 |
| 020 ## - ISBN (INTERNATIONAL STANDARD BOOK NUMBER) |
| Número Internacional Normalizado para Libros (ISBN) |
9788416511112 |
| 040 ## - FUENTE DE CATALOGACIÓN |
| Centro catalogador de origen |
ES-MaCES |
| Lengua de catalogación |
spa |
| Centro transcriptor |
ES-MaCES |
| 041 1# - CÓDIGO DE IDIOMA |
| Código de lengua del texto;banda sonora o título independiente |
spa |
| Código de lengua original |
eng |
| 100 1# - ENCABEZAMIENTO PRINCIPAL--NOMBRE PERSONAL |
| 9 (RLIN) |
37699 |
| Nombre de persona |
Susskind, Richard |
| 245 13 - MENCIÓN DE TÍTULO |
| Título |
El futuro de las profesiones |
| Resto del título |
: cómo la tecnología transformará el trabajo de los expertos humanos |
| Mención de responsabilidad, etc. |
Richard Susskind y Daniel Susskind ; [trad., Juan Carlos Ruiz Franco] |
| 250 ## - MENCIÓN DE EDICIÓN |
| Mención de edición |
1ª ed |
| 260 ## - PUBLICACIÓN, DISTRIBUCIÓN, ETC (PIE DE IMPRENTA) |
| Lugar de publicación, distribución, etc. |
[Zaragoza] |
| Nombre del editor, distribuidor, etc. |
Teell |
| Fecha de publicación, distribución, etc. |
[2016] |
| 300 ## - DESCRIPCIÓN FÍSICA |
| Extensión |
333 p. |
| Dimensiones |
24 cm |
| 500 ## - NOTA GENERAL |
| Nota general |
Traducción de: The future of the professions, how technology will transform the work of human experts |
| 500 ## - NOTA GENERAL |
| Nota general |
Índices |
| 504 ## - NOTA DE BIBLIOGRAFÍA, ETC. |
| Nota de bibliografía, etc. |
Bibliografía: p. 301-321 |
| 541 ## - NOTA DE LA FUENTE INMEDIANTE DE ADQUISICIÓN |
| Forma de adquisición |
Compra |
| 650 #4 - ASIENTO SECUNDARIO DE MATERIA--TÉRMINO DE MATERIA |
| 9 (RLIN) |
28402 |
| Término de materia o nombre geográfico como elemento inicial |
ocupación |
| 650 #4 - ASIENTO SECUNDARIO DE MATERIA--TÉRMINO DE MATERIA |
| 9 (RLIN) |
28420 |
| Término de materia o nombre geográfico como elemento inicial |
trabajador profesional |
| 650 #4 - ASIENTO SECUNDARIO DE MATERIA--TÉRMINO DE MATERIA |
| 9 (RLIN) |
29477 |
| Término de materia o nombre geográfico como elemento inicial |
análisis de tareas |
| 650 #4 - ASIENTO SECUNDARIO DE MATERIA--TÉRMINO DE MATERIA |
| 9 (RLIN) |
30756 |
| Término de materia o nombre geográfico como elemento inicial |
futuro del trabajo |
| 650 #4 - ASIENTO SECUNDARIO DE MATERIA--TÉRMINO DE MATERIA |
| 9 (RLIN) |
30788 |
| Término de materia o nombre geográfico como elemento inicial |
nuevas tecnologías |
| 650 #4 - ASIENTO SECUNDARIO DE MATERIA--TÉRMINO DE MATERIA |
| 9 (RLIN) |
30104 |
| Término de materia o nombre geográfico como elemento inicial |
tecnología de la información |
| 650 #4 - ASIENTO SECUNDARIO DE MATERIA--TÉRMINO DE MATERIA |
| 9 (RLIN) |
30166 |
| Término de materia o nombre geográfico como elemento inicial |
inteligencia artificial |
| 650 #4 - ASIENTO SECUNDARIO DE MATERIA--TÉRMINO DE MATERIA |
| 9 (RLIN) |
30572 |
| Término de materia o nombre geográfico como elemento inicial |
Internet |
| 650 #4 - ASIENTO SECUNDARIO DE MATERIA--TÉRMINO DE MATERIA |
| 9 (RLIN) |
28236 |
| Término de materia o nombre geográfico como elemento inicial |
cambio tecnológico |
| 650 #4 - ASIENTO SECUNDARIO DE MATERIA--TÉRMINO DE MATERIA |
| 9 (RLIN) |
29814 |
| Término de materia o nombre geográfico como elemento inicial |
investigación ocupacional |
| 653 10 - TÉRMINO DE INDEXACIÓN--NO CONTROLADO |
| Término no controlado |
Empleo |
| 700 1# - ENCABEZAMIENTO SECUNDARIO--NOMBRE PERSONAL |
| 9 (RLIN) |
37700 |
| Nombre de persona |
Susskind, Daniel |
| 700 1# - ENCABEZAMIENTO SECUNDARIO--NOMBRE PERSONAL |
| 9 (RLIN) |
37701 |
| Nombre de persona |
Ruiz Franco, Juan Carlos |
| Término indicativo de función |
tr. |
| 787 0# - ENTRADA DE OTRAS ESPECIFICACIONES |
| Título |
The future of the professions, how technology will transform the work of human experts |
| Número de control del registro relacionado |
(ES-MaCES)48855 |
| 902 ## - CES. TIPO DE DOCUMENTO |
| Tipodoc (006$c Sirtex) |
LIB Libro |
| 942 ## - ELEMENTOS KOHA |
| Fuente de clasificaión o esquema |
Clasificación propia del CES |
| Koha [por defecto] tipo de item |
Monografías |
| Parte de clasificación |
Empleo |